Analýza dosavadních přístupů k systematizaci příčin a průběhu světové finanční a ekonomické krize
Hlavné prístupy k systematizácii príčin a priebehu svetovej krízy. Najvýznamnejšie lokálne problémy v rámci svetovej krízy. Syntéza a porovnanie prístupov.
Uložené v:
| Hlavný autor: | |
|---|---|
| Médium: | Kapitola |
| Jazyk: | Czech |
| Predmet: | |
| Tagy: |
Žiadne tagy, Buďte prvý, kto otaguje tento záznam!
|
MARC
| LEADER | 00000naa a2200000 4500 | ||
|---|---|---|---|
| 001 | 0168587 | ||
| 005 | 20220713131021.8 | ||
| 041 | 0 | |a cze | |
| 044 | |a CZ | ||
| 245 | 1 | 0 | |a Analýza dosavadních přístupů k systematizaci příčin a průběhu světové finanční a ekonomické krize |c Ilya Bolotov |
| 520 | |a Hlavné prístupy k systematizácii príčin a priebehu svetovej krízy. Najvýznamnejšie lokálne problémy v rámci svetovej krízy. Syntéza a porovnanie prístupov. | ||
| 610 | 2 | 0 | |a kríza finančná |
| 610 | 2 | 0 | |a hospodárstvo svetové |
| 610 | 2 | 0 | |a teórie ekonomické |
| 610 | 2 | 0 | |a kríza hospodárska |
| 100 | 1 | |a Bolotov, Ilya | |